Statistics for Top 10 Chelsea PL appearances

Click here to take the quiz!

General Stats

  • This quiz has been taken 67 times
  • The average score is 7 of 10

Answer Stats

HintAnswer% Correct
429Lampard
100%
489Terry
98%
254Drogba
89%
333Cech
87%
229Cole
77%
229Zola
61%
261Ivanovic
55%
249Mikel
40%
261Wise
37%
186Gudjohnsen
19%

Score Distribution

Percentile by Number Answered

Percent of People with Each Score

Your Score History

You have not taken this quiz